01048nam a22002535a 450000500170000000800410001702000180005804000380007608200210011410000230013524501140015826000470027230000330031950400410035259000270039365000370042065100100045765300240046770000220049194200080051399900170052195201280053895201280066620170110124007.0170110t2014 gw a frb 000 0 eng d a9783639719246 aEG-ScBUEbengcEG-ScBUEdEG-ScBUE04a616.978bELK2221 aEl-Kased, Reham F.10aNew mass spectrometry-based epitope mapping procedures of autoantigens /cReham F. El-Kased, Michael Glocker. aSaarbrücken :bScholars' Press,cc.2014. aiv, 104 p. :bill. ;c24 cm. aIncludes bibliographical references. aComposed by BUE staff. 72BUEsh923022aMass spectrometry. 2BUEsh bENGGENcJanuary20171 aGlocker, Michael. 2ddc c23876d23848 00102ddc40708BaccahaMAINbMAINc1STd2017-01-10ePurchaseg1650.00l0o616.978 ELKp000040826r2025-07-15 00:00:00yBB 00102ddc40708BaccahaMAINbMAINc1STd2017-01-10ePurchaseg1650.00l0o616.978 ELKp000040827r2025-07-15 00:00:00yBB